[Event "HUN-ch Preliminary 2019"]
[Site "Budapest"]
[Date "2019.12.04"]
[Round "1.1"]
[White "Antal, Gergely"]
[Black "Nagy, Gabor"]
[Result "1-0"]
[WhiteElo "2563"]
[BlackElo "2501"]
[Annotator "TA"]
[PlyCount "71"]
[EventDate "2019.12.04"]
[EventType "k.o."]
[EventCountry "HUN"]
[SourceTitle "playchess.com"]
[Source "ChessBase"]
[SourceQuality "1"]

{[%evp 12,71,31,-3,33,0,-12,0,0,-6,-8,-15,-9,-7,-8,-24,-16,-16,-12,-8,0,-82,0,-92,-85,-150,0,-90,0,-147,-18,-16,175,172,214,214,189,197,277,277,282,281,259,227,460,463,471,457,512,510,659,637,666,661,653,641,796,756,759,744,1090,1086]} 1. e4 e5 2. Nf3 Nc6 3. Bc4 Bc5 4. b4 Bb6 5. a4 a6 6. Nc3 Nf6 7. Nd5 O-O {C51: Evans Gambit: Declined and Accepted without 5...Ba5} (7... Nxd5 {with more complications.} 8. exd5 Nd4 9. d6 Nf5 10. a5 Nxd6 11. Bb3 Ba7) (7... d6 8. Nxb6 cxb6 9. d3 O-O 10. O-O Nxb4 11. c3 Nc6 12. Bg5 h6 13. Bh4 Be6 14. Bxe6 fxe6 15. Rb1 {0-1 (47) Grischuk,A (2750)-Carlsen,M (2832) chess.com INT 2017}) 8. Nxb6 cxb6 9. d3 $146 ({Predecessor:} 9. Ba3 d5 10. Bxd5 Nxd5 11. exd5 e4 12. dxc6 exf3 13. O-O Bg4 14. cxb7 Rb8 15. gxf3 {0-1 (54) Mammadov,A (2338)-Safarli,E (2594) Baku 2010}) 9... d5 {The position is equal.} 10. exd5 Nxd5 11. O-O Bg4 {Threatening ...Nd4.} 12. h3 Nc3 13. Qe1 Bxf3 $1 14. Qxc3 Nd4 $36 {[%mdl 2048] Threatens to win with ...Ne2+. Black fights for an advantage.} 15. Re1 Qf6 ({Black should play} 15... Qd7 $11) 16. gxf3 $17 {And now f4 would win.} Qg6+ $1 17. Kf1 (17. Kh1 $11 Qf5 18. Kh2 (18. Bd5 Qxh3+ 19. Kg1 Rad8 $19)) 17... Qf5 {[%mdl 1024] Black has strong compensation.} 18. Kg2 (18. Bd5 $2 Qxh3+ 19. Kg1 Rad8 $19) (18. Re3 $142 Qxh3+ 19. Ke1) 18... Qg6+ (18... Qxf3+ $142 19. Kg1 Rad8) 19. Kf1 {[#] Hoping for Be3.} Qf5 (19... Qh5 $142 $1 {[%cal Rh5h3]} 20. Re4 (20. Bd5 $2 Qxh3+ 21. Kg1 Rad8 $19) 20... Qxh3+ 21. Ke1 Qh1+ 22. Kd2 Qxf3) 20. Kg2 $1 ({Avoid the trap} 20. Bd5 $2 Rad8 $19) 20... Rad8 ({Black should try} 20... Qxf3+ $17 21. Kg1 Rad8) 21. Be3 $1 $11 Nxf3 $2 (21... Rd6 $1 $11 {and Black has nothing to worry.} 22. Bxd4 exd4 23. Bxf7+ Qxf7) 22. Rh1 $18 Rd6 23. Kf1 Rc8 {[#] next ...b5 is good for Black.} 24. b5 $1 Kh8 (24... a5 {was worth a try.} 25. Ke2 h6) 25. Qb4 Qf6 26. bxa6 bxa6 27. Rb1 e4 $2 (27... h6 28. Bb3 Rcc6) 28. Bxa6 {White is clearly winning.} Re8 29. dxe4 Nd4 30. Bd3 h6 31. Bxd4 Rxd4 32. Qxb6 Qf3 33. Rh2 ({Less strong is} 33. Qxd4 Qxh1+ 34. Ke2 Qxb1 $16) 33... Red8 34. Kg1 R8d6 35. Qb8+ Kh7 36. Rg2 {Accuracy: White = 88%, Black = 25%.} 1-0

[Event "HUN-ch Preliminary 2019"]
[Site "Budapest"]
[Date "2019.12.05"]
[Round "1.2"]
[White "Mihok, Oliver"]
[Black "Galyas, Miklos"]
[Result "1-0"]
[WhiteElo "2567"]
[BlackElo "2477"]
[Annotator "ChessBase"]
[PlyCount "71"]
[EventDate "2019.12.04"]
[EventType "k.o."]
[EventCountry "HUN"]
[SourceTitle "playchess.com"]
[Source "ChessBase"]
[SourceQuality "1"]
[TimeControl "40/5400+30:1800+30"]

1. e4 {[%emt 0:00:03]} d6 {[%emt 0:00:09]} 2. d4 {[%emt 0:00:05]} g6 {[%emt 0:00:12]} 3. Nc3 {[%emt 0:02:03]} c6 {[%emt 0:00:13]} 4. Nf3 {[%emt 0:03:48]} Bg7 {[%emt 0:00:41]} 5. Bc4 {[%emt 0:00:08]} Nf6 {[%emt 0:00:28]} 6. Bb3 {[%emt 0:02:41]} O-O {[%emt 0:01:57]} 7. O-O {[%emt 0:00:07]} Nbd7 {[%emt 0:10:30]} 8. e5 {[%emt 0:07:09]} dxe5 {[%emt 0:00:26]} 9. dxe5 {[%emt 0:00:17]} Nd5 {[%emt 0:02:43]} 10. Bxd5 {[%emt 0:03:05]} cxd5 {[%emt 0:00:05]} 11. Qxd5 {[%emt 0:00:10]} Nb6 {[%emt 0:11:30]} 12. Qe4 {[%emt 0:10:27]} Bd7 {[%emt 0:08:22]} 13. Qxb7 {[%emt 0:07:35]} Rb8 {[%emt 0:02:36]} 14. Qe4 {[%emt 0:04:27]} Qc7 {[%emt 0:02:41]} 15. Bf4 {[%emt 0:06:28]} Bc6 {[%emt 0:01:12]} 16. Qe3 {[%emt 0:07:48]} Qb7 {[%emt 0:07:28]} 17. b3 {[%emt 0:06:30]} Rbc8 {[%emt 0:02:36]} 18. Rad1 {[%emt 0:04:30]} Bxf3 {[%emt 0:05:14]} 19. gxf3 {[%emt 0:00:06]} Qc6 {[%emt 0:17:43]} 20. Rd3 {[%emt 0:01:42]} Qe6 {[%emt 0:03:29]} 21. Rfd1 {[%emt 0:04:08]} Qh3 {[%emt 0:04:04]} 22. R1d2 {[%emt 0:02:11]} e6 {[%emt 0:05:28]} 23. a4 {[%emt 0:07:00]} h5 {[%emt 0:04:45]} 24. a5 {[%emt 0:02:52]} Rxc3 {[%emt 0:00:08]} 25. Rxc3 {[%emt 0:01:03]} Nd5 {[%emt 0:00:03]} 26. Rxd5 {[%emt 0:01:32]} exd5 {[%emt 0:00:02]} 27. Rc7 {[%emt 0:02:35]} Re8 {[%emt 0:04:12]} 28. Bg3 {[%emt 0:03:36]} Qe6 {[%emt 0:02:10]} 29. h4 {[%emt 0:01:07]} a6 {[%emt 0:01:02]} 30. Kg2 {[%emt 0:01:25]} Bf8 {[%emt 0:01:25]} 31. Qb6 {[%emt 0:01:05]} Qf5 {[%emt 0:00:46]} 32. Qxa6 {[%emt 0:00:28]} Bg7 {[%emt 0:00:56]} 33. Qd3 {[%emt 0:00:50]} Qe6 {[%emt 0:00:04]} 34. Rc5 {[%emt 0:01:28]} Rd8 {[%emt 0:00:11]} 35. Qd4 {[%emt 0:02:05]} Kh7 {[%emt 0:00:17]} 36. c4 {[%emt 0:00:14]} 1-0

[Event "HUN-ch Preliminary 2019"]
[Site "Budapest"]
[Date "2019.12.05"]
[Round "1.2"]
[White "Kantor, Gergely"]
[Black "Nemeth, Miklos"]
[Result "1-0"]
[WhiteElo "2541"]
[BlackElo "2496"]
[Annotator "ChessBase"]
[PlyCount "67"]
[EventDate "2019.12.04"]
[EventType "k.o."]
[EventCountry "HUN"]
[SourceTitle "playchess.com"]
[Source "ChessBase"]
[SourceQuality "1"]
[TimeControl "40/5400+30:1800+30"]

1. Nf3 {[%emt 0:00:24]} Nf6 {[%emt 0:00:43]} 2. g3 {[%emt 0:00:03]} b6 {[%emt 0:00:06]} 3. Bg2 {[%emt 0:00:04]} Bb7 {[%emt 0:00:04]} 4. O-O {[%emt 0:00:09]} e6 {[%emt 0:00:03]} 5. d3 {[%emt 0:00:06]} d5 {[%emt 0:01:30]} 6. Nbd2 {[%emt 0:00:11]} Be7 {[%emt 0:04:04]} 7. e4 {[%emt 0:00:28]} dxe4 {[%emt 0:03:06]} 8. dxe4 {[%emt 0:00:09]} O-O {[%emt 0:01:59]} 9. Qe2 {[%emt 0:00:03]} Qc8 {[%emt 0:08:24]} 10. e5 {[%emt 0:03:25]} Nfd7 {[%emt 0:00:16]} 11. Ne4 {[%emt 0:01:35]} Nc6 {[%emt 0:06:27]} 12. Bf4 {[%emt 0:02:19]} a5 {[%emt 0:01:22]} 13. h4 {[%emt 0:05:30]} a4 {[%emt 0:05:26]} 14. h5 {[%emt 0:03:01]} Ra5 {[%emt 0:04:39]} 15. h6 {[%emt 0:21:41]} g6 {[%emt 0:01:11]} 16. Ned2 {[%emt 0:18:41]} Nb4 {[%emt 0:07:53]} 17. a3 {[%emt 0:07:14]} Nd5 {[%emt 0:02:17]} 18. Bg5 {[%emt 0:01:13]} Qd8 {[%emt 0:03:48]} 19. Bxe7 {[%emt 0:01:39]} Nxe7 {[%emt 0:00:05]} 20. Rfd1 {[%emt 0:01:32]} Nf5 {[%emt 0:07:55]} 21. Ne4 {[%emt 0:02:43]} Rd5 {[%emt 0:01:21]} 22. Nc3 {[%emt 0:11:11]} Rxd1+ {[%emt 0:02:56]} 23. Rxd1 {[%emt 0:00:26]} Qc8 {[%emt 0:10:31]} 24. Nh2 {[%emt 0:07:39]} Bxg2 {[%emt 0:03:05]} 25. Kxg2 {[%emt 0:00:14]} f6 {[%emt 0:00:36]} 26. Ng4 {[%emt 0:01:11]} fxe5 {[%emt 0:02:46]} 27. Nxe5 Qa8+ {[%emt 0:05:10]} 28. Kg1 {[%emt 0:00:45]} Nf6 {[%emt 0:00:08]} 29. Nd7 {[%emt 0:00:39]} Rf7 {[%emt 0:11:04]} 30. Qxe6 {[%emt 0:00:42]} Nxd7 {[%emt 0:01:23]} 31. Rxd7 {[%emt 0:00:08]} Nxh6 {[%emt 0:00:12]} 32. Ne4 {[%emt 0:03:34]} Qc8 {[%emt 0:01:18]} 33. Nf6+ {[%emt 0:00:14]} Kh8 {[%emt 0:00:07]} 34. Rxf7 {[%emt 0:00:27]} 1-0

[Event "HUN-ch Preliminary 2019"]
[Site "Budapest"]
[Date "2019.12.05"]
[Round "1.2"]
[White "Medvegy, Zoltan"]
[Black "Kaczur, Florian"]
[Result "1/2-1/2"]
[WhiteElo "2533"]
[BlackElo "2478"]
[Annotator "ChessBase"]
[PlyCount "58"]
[EventDate "2019.12.04"]
[EventType "k.o."]
[EventCountry "HUN"]
[SourceTitle "playchess.com"]
[Source "ChessBase"]
[SourceQuality "1"]
[TimeControl "40/5400+30:1800+30"]

1. Nf3 {[%emt 0:00:03]} d5 {[%emt 0:00:34]} 2. e3 {[%emt 0:00:10]} Nf6 {[%emt 0:00:50]} 3. c4 {[%emt 0:00:11]} e6 {[%emt 0:00:30]} 4. Nc3 {[%emt 0:00:28]} dxc4 {[%emt 0:06:36]} 5. Bxc4 {[%emt 0:00:19]} a6 {[%emt 0:00:04]} 6. O-O {[%emt 0:01:39]} b5 {[%emt 0:00:58]} 7. Bb3 {[%emt 0:02:45]} c5 {[%emt 0:02:45]} 8. a4 {[%emt 0:10:53]} b4 {[%emt 0:01:50]} 9. Ne2 {[%emt 0:00:55]} Nc6 {[%emt 0:01:42]} 10. d3 {[%emt 0:08:46]} Be7 {[%emt 0:03:46]} 11. e4 {[%emt 0:00:13]} Bb7 {[%emt 0:01:23]} 12. Qc2 {[%emt 0:13:38]} Rc8 {[%emt 0:05:04]} 13. h3 {[%emt 0:03:27]} Na5 {[%emt 0:02:47]} 14. Ne5 {[%emt 0:03:54]} O-O {[%emt 0:03:54]} 15. Nc4 {[%emt 0:01:57]} Nxc4 {[%emt 0:09:04]} 16. Bxc4 {[%emt 0:02:02]} Nd7 {[%emt 0:00:06]} 17. Be3 {[%emt 0:02:03]} Nb6 {[%emt 0:03:47]} 18. Nc1 {[%emt 0:04:42]} Bf6 {[%emt 0:05:45]} 19. Nb3 {[%emt 0:04:45]} Nxc4 {[%emt 0:03:10]} 20. dxc4 {[%emt 0:00:02]} Bd4 {[%emt 0:04:26]} 21. Bxd4 {[%emt 0:01:35]} cxd4 {[%emt 0:00:57]} 22. Qd3 {[%emt 0:00:03]} e5 {[%emt 0:00:28]} 23. f3 {[%emt 0:01:19]} Qc7 {[%emt 0:04:00]} 24. c5 {[%emt 0:05:30]} a5 {[%emt 0:03:36]} 25. Rfc1 {[%emt 0:07:14]} Bc6 {[%emt 0:00:47]} 26. Qa6 {[%emt 0:04:24]} Ra8 {[%emt 0:00:17]} 27. Qb6 {[%emt 0:00:36]} Rfc8 {[%emt 0:00:17]} 28. Qxc7 {[%emt 0:07:23]} Rxc7 {[%emt 0:00:31]} 29. Kf2 {[%emt 0:03:17]} f6 {[%emt 0:02:27]} 1/2-1/2

[Event "HUN-ch Preliminary 2019"]
[Site "Budapest"]
[Date "2019.12.05"]
[Round "1.2"]
[White "Aczel, Gergely"]
[Black "Csonka, Balazs"]
[Result "1-0"]
[WhiteElo "2523"]
[BlackElo "2479"]
[Annotator "ChessBase"]
[PlyCount "133"]
[EventDate "2019.12.04"]
[EventType "k.o."]
[EventCountry "HUN"]
[SourceTitle "playchess.com"]
[Source "ChessBase"]
[SourceQuality "1"]
[TimeControl "40/5400+30:1800+30"]

1. d4 {[%emt 0:00:04]} Nf6 {[%emt 0:00:06]} 2. c4 {[%emt 0:00:05]} e6 {[%emt 0:00:05]} 3. Nc3 {[%emt 0:00:05]} Bb4 {[%emt 0:00:06]} 4. e3 {[%emt 0:00:05]} O-O {[%emt 0:00:08]} 5. Bd2 {[%emt 0:00:03]} c5 {[%emt 0:00:19]} 6. a3 {[%emt 0:00:05]} Bxc3 {[%emt 0:00:07]} 7. Bxc3 {[%emt 0:00:04]} Ne4 {[%emt 0:00:08]} 8. Ne2 {[%emt 0:00:09]} d6 {[%emt 0:10:33]} 9. Qd3 {[%emt 0:00:09]} Nxc3 {[%emt 0:01:12]} 10. Nxc3 {[%emt 0:00:05]} cxd4 {[%emt 0:15:04]} 11. Qxd4 {[%emt 0:06:16]} Nc6 {[%emt 0:00:16]} 12. Qd2 {[%emt 0:01:28]} Qe7 {[%emt 0:04:07]} 13. Be2 {[%emt 0:04:22]} b6 {[%emt 0:07:34]} 14. O-O {[%emt 0:01:03]} Bb7 {[%emt 0:02:46]} 15. Rfd1 {[%emt 0:00:38]} Rfd8 {[%emt 0:00:48]} 16. b3 {[%emt 0:02:36]} a6 {[%emt 0:11:37]} 17. e4 {[%emt 0:11:37]} Rab8 {[%emt 0:08:34]} 18. Qe3 {[%emt 0:00:50]} Ba8 {[%emt 0:00:33]} 19. Rac1 {[%emt 0:03:04]} h6 {[%emt 0:08:32]} 20. b4 {[%emt 0:01:11]} e5 {[%emt 0:03:48]} 21. Bf1 {[%emt 0:13:35]} a5 {[%emt 0:05:18]} 22. Nd5 {[%emt 0:01:23]} Qg5 {[%emt 0:03:19]} 23. bxa5 {[%emt 0:18:43]} Nxa5 {[%emt 0:05:58]} 24. Qxg5 {[%emt 0:03:29]} hxg5 {[%emt 0:00:08]} 25. Rb1 {[%emt 0:01:03]} Bxd5 {[%emt 0:04:02]} 26. cxd5 {[%emt 0:02:02]} Rdc8 {[%emt 0:01:54]} 27. Rb4 {[%emt 0:11:54]} Rc3 {[%emt 0:00:09]} 28. a4 {[%emt 0:00:23]} Rb3 {[%emt 0:00:14]} 29. Rb1 {[%emt 0:00:52]} Rxb4 {[%emt 0:00:17]} 30. Rxb4 {[%emt 0:00:02]} Kf8 {[%emt 0:00:21]} 31. g3 {[%emt 0:01:26]} Ke7 {[%emt 0:01:05]} 32. Rb1 {[%emt 0:00:24]} Kd8 {[%emt 0:01:30]} 33. Kg2 {[%emt 0:02:39]} Kc7 {[%emt 0:01:07]} 34. Rc1+ {[%emt 0:01:37]} Kb7 {[%emt 0:00:27]} 35. Rc3 {[%emt 0:02:14]} Rh8 {[%emt 0:00:58]} 36. h3 {[%emt 0:00:18]} Kb8 {[%emt 0:00:58]} 37. Kf3 {[%emt 0:02:33]} Rc8 {[%emt 0:02:06]} 38. Rxc8+ {[%emt 0:00:06]} Kxc8 {[%emt 0:00:05]} 39. Kg4 {[%emt 0:00:16]} Nb3 {[%emt 0:01:23]} 40. Bd3 {[%emt 0:00:00]} Kd8 {[%emt 0:00:00]} 41. Kxg5 {[%emt 0:03:30]} Ke7 {[%emt 0:03:45]} 42. h4 {[%emt 0:06:42]} Nd4 {[%emt 0:02:44]} 43. f4 {[%emt 0:05:28]} Nf3+ {[%emt 0:03:22]} 44. Kg4 {[%emt 0:01:46]} Ne1 {[%emt 0:00:08]} 45. Be2 {[%emt 0:07:51]} Kf6 {[%emt 0:00:30]} 46. Bd1 {[%emt 0:01:01]} Nd3 {[%emt 0:19:17]} 47. Kf3 {[%emt 0:00:32]} g6 {[%emt 0:01:13]} 48. Ke3 {[%emt 0:00:52]} Nc5 {[%emt 0:00:26]} 49. Bc2 {[%emt 0:00:12]} Na6 {[%emt 0:03:51]} 50. Bd3 {[%emt 0:00:23]} Nc5 {[%emt 0:00:19]} 51. Bc2 {[%emt 0:02:16]} Na6 {[%emt 0:00:06]} 52. Kd3 Nb4+ {[%emt 0:01:17]} 53. Kc4 {[%emt 0:12:18]} Nxc2 {[%emt 0:00:07]} 54. Kb5 {[%emt 0:00:01]} Ne3 {[%emt 0:00:12]} 55. Kxb6 {[%emt 0:00:12]} Nxd5+ {[%emt 0:00:08]} 56. exd5 {[%emt 0:01:11]} e4 {[%emt 0:00:01]} 57. a5 {[%emt 0:00:13]} e3 {[%emt 0:00:04]} 58. a6 {[%emt 0:00:04]} e2 {[%emt 0:00:02]} 59. a7 {[%emt 0:00:03]} e1=Q {[%emt 0:00:05]} 60. a8=Q {[%emt 0:00:06]} Qxg3 {[%emt 0:03:08]} 61. Qd8+ {[%emt 0:00:16]} Kg7 {[%emt 0:00:36]} 62. Qxd6 {[%emt 0:00:16]} Qb3+ {[%emt 0:00:50]} 63. Kc7 {[%emt 0:00:28]} Qc4+ {[%emt 0:01:02]} 64. Kd8 {[%emt 0:00:23]} Kg8 {[%emt 0:00:25]} 65. Qe5 {[%emt 0:00:45]} Qb4 {[%emt 0:00:31]} 66. d6 {[%emt 0:00:41]} Qb8+ {[%emt 0:00:31]} 67. Ke7 {[%emt 0:00:06]} 1-0

[Event "HUN-ch Preliminary 2019"]
[Site "Budapest"]
[Date "2019.12.05"]
[Round "1.2"]
[White "Gonda, Laszlo"]
[Black "Sipos, Istvan"]
[Result "1/2-1/2"]
[WhiteElo "2515"]
[BlackElo "2473"]
[Annotator "ChessBase"]
[PlyCount "41"]
[EventDate "2019.12.04"]
[EventType "k.o."]
[EventCountry "HUN"]
[SourceTitle "playchess.com"]
[Source "ChessBase"]
[SourceQuality "1"]
[TimeControl "40/5400+30:1800+30"]

1. d4 {[%emt 0:00:09]} e6 {[%emt 0:00:40]} 2. c4 {[%emt 0:00:26]} d5 {[%emt 0:00:43]} 3. Nc3 {[%emt 0:00:06]} Bb4 {[%emt 0:02:26]} 4. e3 {[%emt 0:01:08]} Nf6 {[%emt 0:01:27]} 5. a3 {[%emt 0:00:25]} Bxc3+ {[%emt 0:01:04]} 6. bxc3 {[%emt 0:01:32]} O-O {[%emt 0:03:28]} 7. cxd5 {[%emt 0:00:14]} exd5 {[%emt 0:01:08]} 8. Bd3 {[%emt 0:00:02]} c5 {[%emt 0:09:52]} 9. Ne2 {[%emt 0:00:07]} b6 {[%emt 0:11:00]} 10. O-O {[%emt 0:00:15]} cxd4 {[%emt 0:03:05]} 11. cxd4 {[%emt 0:00:43]} Ba6 {[%emt 0:00:18]} 12. f3 {[%emt 0:04:51]} Re8 {[%emt 0:01:44]} 13. Ng3 {[%emt 0:00:30]} Qc8 {[%emt 0:01:34]} 14. Ra2 {[%emt 0:13:30]} Bxd3 {[%emt 0:07:17]} 15. Qxd3 {[%emt 0:00:12]} Qa6 {[%emt 0:00:07]} 16. Qd1 {[%emt 0:01:34]} Nc6 {[%emt 0:06:10]} 17. Re2 {[%emt 0:01:07]} Rad8 {[%emt 0:05:25]} 18. Bb2 {[%emt 0:00:55]} Qc4 {[%emt 0:09:45]} 19. Rfe1 {[%emt 0:24:54]} h6 {[%emt 0:09:37]} 20. Rd2 {[%emt 0:00:45]} Na5 {[%emt 0:01:58]} 21. e4 1/2-1/2

[Event "HUN-ch Preliminary 2019"]
[Site "Budapest"]
[Date "2019.12.05"]
[Round "1.2"]
[White "Nagy, Gabor"]
[Black "Antal, Gergely"]
[Result "1/2-1/2"]
[WhiteElo "2501"]
[BlackElo "2563"]
[Annotator "TA"]
[PlyCount "53"]
[EventDate "2019.12.04"]
[EventType "k.o."]
[EventCountry "HUN"]
[SourceTitle "playchess.com"]
[Source "ChessBase"]
[SourceQuality "1"]

{[%evp 17,53,0,0,-6,0,-12,0,-33,-16,-54,-9,-8,-27,-24,-20,-21,-27,-47,-44,-46,-55,-58,-9,-16,2,4,5,15,15,0,0,0,-1,0,0,0,0,0]} 1. c4 e5 2. Nc3 Nf6 3. g3 Bb4 4. Bg2 O-O 5. Nf3 Bxc3 6. bxc3 Re8 7. O-O d6 8. d3 e4 9. Nd4 Nbd7 {[%cal Bb8d7,Bd7b6,Bb6d5,Bd5f6][%mdl 32]} 10. f3 {[%cal Rf3e4] A22: English Opening: 1...e5 2 Nc3 Nf6} exd3 11. exd3 d5 12. g4 $146 ({Predecessor:} 12. cxd5 Nxd5 13. Qc2 N7f6 14. Nb3 Qe7 15. Qd2 Qd6 16. Bb2 Ne3 17. Rfe1 Nxg2 18. Rxe8+ Nxe8 19. Kxg2 {½-½ (25) Turov,M (2667)-Grigoriants,S (2557) Voronezh 2012}) 12... dxc4 13. dxc4 Nb6 14. c5 Nbd5 15. Qd3 Nd7 16. Nb3 Ne5 17. Qd4 {[#] Strongly threatening f4.} Nc6 18. Qd2 Be6 19. f4 {And now f5 would win.} Nf6 {White should prevent ...Bc4.} 20. g5 {The position is equal.} Bxb3 21. axb3 {[#] aiming for Qxd8.} Qxd2 22. Bxd2 Ne4 23. Bxe4 Rxe4 24. b4 Rd8 25. Rfe1 Rxe1+ 26. Bxe1 {b5 is the strong threat.} a6 27. Kf2 {Accuracy: White = 71%, Black = 74%.} 1/2-1/2

[Event "HUN-ch Preliminary 2019"]
[Site "Budapest"]
[Date "2019.12.05"]
[Round "1.2"]
[White "Horvath, Adam"]
[Black "Czebe, Attila"]
[Result "0-1"]
[WhiteElo "2489"]
[BlackElo "2374"]
[Annotator "ChessBase"]
[PlyCount "80"]
[EventDate "2019.12.04"]
[EventType "k.o."]
[EventCountry "HUN"]
[SourceTitle "playchess.com"]
[Source "ChessBase"]
[SourceQuality "1"]
[TimeControl "40/5400+30:1800+30"]

1. e4 {[%emt 0:00:03]} d6 {[%emt 0:03:41]} 2. d4 {[%emt 0:00:16]} Nf6 {[%emt 0:00:03]} 3. Nc3 {[%emt 0:00:14]} e5 {[%emt 0:00:03]} 4. Nf3 {[%emt 0:00:11]} Nbd7 {[%emt 0:00:05]} 5. Bc4 {[%emt 0:00:12]} Be7 {[%emt 0:00:04]} 6. a4 {[%emt 0:00:17]} O-O {[%emt 0:00:10]} 7. O-O {[%emt 0:00:09]} c6 {[%emt 0:00:04]} 8. h3 {[%emt 0:00:32]} a5 {[%emt 0:04:33]} 9. Re1 {[%emt 0:05:58]} Nb6 {[%emt 0:00:52]} 10. Ba2 {[%emt 0:00:33]} Nfd7 {[%emt 0:00:34]} 11. dxe5 {[%emt 0:01:24]} dxe5 {[%emt 0:00:41]} 12. Be3 {[%emt 0:00:13]} Qc7 {[%emt 0:00:55]} 13. Ng5 {[%emt 0:02:07]} Bxg5 {[%emt 0:05:38]} 14. Bxg5 {[%emt 0:00:55]} Nc5 {[%emt 0:00:10]} 15. Be3 {[%emt 0:01:41]} Ne6 {[%emt 0:05:59]} 16. Re2 {[%emt 0:00:30]} Re8 {[%emt 0:01:04]} 17. Rd2 {[%emt 0:12:07]} Nd7 {[%emt 0:00:59]} 18. Qf3 {[%emt 0:11:25]} Ndf8 {[%emt 0:01:34]} 19. Rad1 {[%emt 0:01:43]} b6 {[%emt 0:12:12]} 20. Rd6 {[%emt 0:13:40]} Ra7 {[%emt 0:01:14]} 21. h4 {[%emt 0:14:34]} Rb7 {[%emt 0:09:36]} 22. Qg3 {[%emt 0:06:34]} Ng6 {[%emt 0:00:54]} 23. h5 {[%emt 0:05:00]} Ngf4 {[%emt 0:00:08]} 24. Bxe6 {[%emt 0:08:55]} Bxe6 {[%emt 0:00:03]} 25. Bxf4 {[%emt 0:00:22]} exf4 {[%emt 0:00:03]} 26. Qxf4 {[%emt 0:00:06]} h6 {[%emt 0:00:20]} 27. e5 {[%emt 0:01:40]} b5 {[%emt 0:05:30]} 28. Ne4 {[%emt 0:02:18]} bxa4 {[%emt 0:01:01]} 29. Qg3 {[%emt 0:00:59]} Kh8 {[%emt 0:01:11]} 30. Nc5 {[%emt 0:00:07]} Ra7 {[%emt 0:01:56]} 31. R1d4 {[%emt 0:03:07]} Bf5 {[%emt 0:02:13]} 32. Qf4 {[%emt 0:02:05]} Qc8 {[%emt 0:01:05]} 33. Nxa4 {[%emt 0:05:31]} Rae7 {[%emt 0:01:41]} 34. Nb6 {[%emt 0:00:27]} Qc7 {[%emt 0:04:13]} 35. Qxf5 {[%emt 0:00:14]} Rxe5 {[%emt 0:00:22]} 36. Qf4 {[%emt 0:01:09]} Qxb6 {[%emt 0:00:44]} 37. Qxf7 {[%emt 0:00:21]} Re1+ {[%emt 0:05:24]} 38. Kh2 {[%emt 0:00:04]} Qb8 {[%emt 0:00:05]} 39. g3 {[%emt 0:01:08]} Rf8 {[%emt 0:00:05]} 40. Qxf8+ {[%emt 0:00:00]} Qxf8 {[%emt 0:00:00]} 0-1

[Event "HUN-ch Preliminary 2019"]
[Site "Budapest"]
[Date "2019.12.04"]
[Round "1.2"]
[White "Galyas, Miklos"]
[Black "Mihok, Oliver"]
[Result "1/2-1/2"]
[WhiteElo "2477"]
[BlackElo "2567"]
[Annotator "TA"]
[PlyCount "35"]
[EventDate "2019.12.04"]
[EventType "k.o."]
[EventCountry "HUN"]
[SourceTitle "playchess.com"]
[Source "ChessBase"]
[SourceQuality "1"]

{[%evp 25,35,13,19,18,25,0,0,0,0,0,0,0]} 1. c4 Nf6 2. Nc3 g6 3. g3 Bg7 4. Bg2 O-O 5. e4 d6 6. Nge2 c5 7. O-O Nc6 8. d3 Ne8 9. Be3 Nd4 10. Rb1 a5 11. Qd2 Nc7 12. Bh6 e5 13. Bxg7 Kxg7 14. f4 {A36: Symmetrical English vs ...g6: 4 Bg2 Bg7} f6 15. Nxd4 (15. Rf2 Bg4 16. Nxd4 cxd4 17. Nd5 Nxd5 18. cxd5 Qb6 19. h3 Bd7 20. Rbf1 Rac8 21. g4 Qb4 {0-1 (38) D'Costa,L (2477)-Mamedov,N (2614) Benasque 2009}) 15... cxd4 {The position is equal.} 16. Nd5 Nxd5 17. cxd5 Bd7 18. Rbc1 $146 ({Predecessor:} 18. Rf2 b6 19. Rbf1 Qe7 20. h4 Rac8 21. Kh2 h6 22. fxe5 fxe5 {½-½ (41) Moeller,H (2286)-Fuchs,F (2290) Luebeck 2016}) 1/2-1/2

[Event "HUN-ch Preliminary 2019"]
[Site "Budapest"]
[Date "2019.12.05"]
[Round "1.2"]
[White "Videki, Sandor"]
[Black "Horvath, Csaba"]
[Result "0-1"]
[WhiteElo "2397"]
[BlackElo "2513"]
[Annotator "ChessBase"]
[PlyCount "78"]
[EventDate "2019.12.04"]
[EventType "k.o."]
[EventCountry "HUN"]
[SourceTitle "playchess.com"]
[Source "ChessBase"]
[SourceQuality "1"]
[TimeControl "40/5400+30:1800+30"]

1. e4 {[%emt 0:00:02]} c5 {[%emt 0:03:31]} 2. Nf3 {[%emt 0:00:06]} e6 {[%emt 0:00:11]} 3. c3 {[%emt 0:00:20]} d5 {[%emt 0:00:36]} 4. exd5 {[%emt 0:00:33]} Qxd5 {[%emt 0:00:25]} 5. d4 {[%emt 0:00:34]} cxd4 {[%emt 0:02:58]} 6. Qxd4 {[%emt 0:04:32]} Nf6 {[%emt 0:00:22]} 7. Qxd5 {[%emt 0:07:34]} Nxd5 {[%emt 0:01:05]} 8. Bc4 {[%emt 0:09:33]} Nb6 {[%emt 0:05:15]} 9. Be2 {[%emt 0:02:40]} Nc6 {[%emt 0:03:05]} 10. Nbd2 {[%emt 0:01:11]} f6 {[%emt 0:03:02]} 11. O-O {[%emt 0:01:20]} e5 {[%emt 0:01:04]} 12. Nc4 {[%emt 0:01:35]} Bc5 {[%emt 0:11:32]} 13. Nfd2 {[%emt 0:14:40]} Be6 {[%emt 0:07:03]} 14. b4 {[%emt 0:06:14]} Nxc4 {[%emt 0:02:31]} 15. Bxc4 {[%emt 0:00:54]} Bxc4 {[%emt 0:00:38]} 16. Nxc4 {[%emt 0:00:05]} Be7 {[%emt 0:00:33]} 17. Rd1 {[%emt 0:07:04]} Rc8 {[%emt 0:28:09]} 18. Nd6+ {[%emt 0:04:59]} Bxd6 {[%emt 0:00:04]} 19. Rxd6 {[%emt 0:00:04]} Ne7 {[%emt 0:06:00]} 20. Bb2 {[%emt 0:05:43]} Nf5 {[%emt 0:02:51]} 21. Rd5 {[%emt 0:02:28]} Ke7 {[%emt 0:01:32]} 22. Rad1 {[%emt 0:05:17]} Rhd8 {[%emt 0:00:58]} 23. a4 {[%emt 0:08:44]} Rxd5 {[%emt 0:02:37]} 24. Rxd5 {[%emt 0:00:02]} Ke6 {[%emt 0:01:27]} 25. Rd1 {[%emt 0:00:45]} Nd6 {[%emt 0:00:47]} 26. Kf1 {[%emt 0:00:39]} Nc4 {[%emt 0:00:45]} 27. Ba1 {[%emt 0:04:59]} Rc6 {[%emt 0:02:30]} 28. Ke2 {[%emt 0:00:50]} Rd6 {[%emt 0:01:02]} 29. Rxd6+ {[%emt 0:01:55]} Kxd6 {[%emt 0:00:02]} 30. Kd3 {[%emt 0:00:07]} Kd5 {[%emt 0:00:05]} 31. Kc2 {[%emt 0:01:17]} e4 {[%emt 0:01:47]} 32. g3 {[%emt 0:01:23]} f5 {[%emt 0:01:41]} 33. h4 {[%emt 0:00:10]} g6 {[%emt 0:00:11]} 34. Kb3 {[%emt 0:04:27]} h6 {[%emt 0:00:35]} 35. Kc2 {[%emt 0:00:05]} g5 {[%emt 0:00:26]} 36. h5 {[%emt 0:00:04]} f4 {[%emt 0:00:16]} 37. gxf4 {[%emt 0:00:38]} gxf4 {[%emt 0:00:02]} 38. Kd1 {[%emt 0:00:46]} f3 {[%emt 0:02:20]} 39. Ke1 {[%emt 0:01:10]} Ke5 {[%emt 0:00:09]} 0-1